Extreme Metal extreme logos - Estadísticas

Estadísticas generales
  • Esta prueba ha sido intentada 20 veces
  • La puntuación promedio es 4 de 10
Estadísticas de respuestas
Imagen Respuesta % Correcto
Coffins
83%
200 Stab Wounds
67%
Bloodbath
67%
Frozen Soul
61%
Cattle Decapitation
50%
Blood Incantation
33%
Sanguisugabogg
33%
Undeath
22%
Wolves in the Throne Room
6%
Worm
6%
No se encontraron pruebas coincidentes
Distribución de puntuación
Porcentaje de gente con cada puntuación
Porcentaje por número respondido
Historial de tus puntuaciones
No has intentado esta prueba.